| 000 | 00754cam a22002533a 4500 | ||
|---|---|---|---|
| 001 | 6929 | ||
| 003 | PGUSA | ||
| 005 | 20140828083138.0 | ||
| 008 | 041101s2004||||xxu|||||s|||||000 p eng d | ||
| 040 |
_aPGUSA _beng |
||
| 042 | _adc | ||
| 050 | 4 | _aPR | |
| 100 | 1 |
_aMilton, John, _d1608-1674 |
|
| 245 | 1 | 0 |
_aPoemata : _bLatin, Greek and Italian Poems by John Milton _h[electronic resource] / _cJohn Milton |
| 260 |
_bProject Gutenberg, _c2004 |
||
| 506 | _aPublic domain in the USA. | ||
| 516 | _aElectronic text | ||
| 653 | _aPoetry | ||
| 653 | _aMilton, John, 1608-1674 -- Translations into English | ||
| 700 | 1 |
_aCowper, William, _d1731-1800 |
|
| 830 | 0 |
_aProject Gutenberg _v6929 |
|
| 856 | 4 | 0 | _uhttp://www.gutenberg.org/ebooks/6929 |
| 942 | _cEB | ||
| 999 |
_c236249 _d236249 |
||